MARC

LEADER 00000nam2a2200000 4500
001 329401
005 20260306160049.0
035 |a (RuTPU)RU\TPU\book\355161 
090 |a 329401 
100 |a 20170314d1972 km y0rusy50 ca 
101 0 |a rus 
102 |a RU 
105 |a y g 001zb 
200 0 |a Справочный том к Полному собранию сочинений В. И. Ленина. Ч. 1 
210 |d 1972 
215 |a 730 с. 
461 1 |0 61370  |t Полное собрание сочинений  |o в 55 т.  |f В. И. Ленин   |g Институт марксизма-ленинизма при ЦК КПСС  |e 5-е изд.  |c Москва  |n Политиздат  |d 1958-1983  |v Справочный том к Полному собранию сочинений В. И. Ленина. Ч. 1  |9 61370 
600 1 |a Ленин  |b В. И.  |c настоящая фамилия Ульянов  |c российский политический деятель  |f 1870-1924  |g Владимир Ильич  |2 stltpush  |3 (RuTPU)RU\TPU\pers\1074  |9 486 
606 |a Ленин В. И.  |j Собрания сочинений  |2 stltpush  |3 (RuTPU)RU\TPU\subj\76035  |9 87496 
610 1 |a собрания сочинений 
610 1 |a идеи 
610 1 |a марксизм 
610 1 |a Коммунистическая партия 
610 1 |a Октябрьская революция 1917 
610 1 |a Советское государство 
610 1 |a справочные издания 
686 |a Т3(2)6-8Ленин150  |2 rubbk 
700 1 |a Ленин  |b В. И.  |c настоящая фамилия Ульянов  |c российский политический деятель  |f 1870-1924  |g Владимир Ильич  |9 486 
712 0 2 |a Институт марксизма-ленинизма  |c (Москва)  |c (1956-1991)  |9 24006 
801 1 |a RU  |b 63413507  |c 20170314 
801 2 |a RU  |b 63413507  |c 20170317  |g RCR 
942 |c BK